• 首页
  • 本馆介绍
  • 公告通知
  • 最新文献
  • 馆藏检索
  • 电子资源
  • 读者导购
  • 参考咨询
  • 我的图书馆
  • 登录
  • 详细信息显示
  • 放入我的书架
  • 预约/预借图书
  • 作者相关作品
  • 分类相关作品
  • 丛书相关作品
  • 出版社相关作品

书目信息

  • 表格格式
  • 工作单格式
  • 卡片格式
题名:
韭菜周年生产
    
 
作者: 陈景长
分册:  
出版信息: 北京   中国农业大学出版社  1997.01
页数: 64页
开本: 19cm
丛书名:
单 册:
中图分类: S633.3
科图分类:
主题词: 蔬菜园艺
电子资源:
ISBN: 7-81002-820-0
000 00528nam0 2200193 45
001 0308271024
005 20030827105717.7
010    @a7-81002-820-0@dRMB3.50
100    @a20030827d1997 km y0chiy0120 ea
101    @achi
105    @a z 000yy
200 1  @a韭菜周年生产@Ajiu cai zhou nian sheng chan@f陈景长@Fchen jing chang
210    @a北京@c中国农业大学出版社@d1997.01
215    @a64页@c无图表@d19cm
606 0  @a蔬菜园艺
690    @aS633.3@v3
701  0 @a陈景长
801    @aCN@b@c20030827
905    @aBZT@dS633.3@e41
    
    韭菜周年生产/陈景长.-北京:中国农业大学出版社,1997.01
    64页:无图表;19cm
    
    
    ISBN 7-81002-820-0:RMB3.50
    
●
相关链接 在五车中查询图书 在当当中查询图书 在豆瓣中查询图书


正题名:韭菜周年生产     索取号:S633.3/41         预约/预借

序号 登录号 条形码 馆藏地/架位号 状态 备注
1 80048   200023704   中心书库中库/ 中库032架B面4列5层51/ [索取号:S633.3/41] 在馆    
2 80049   200027005   中心书库中库/ 中库032架B面4列5层47/ [索取号:S633.3/41] 在馆    
3 80050   200026907   中心书库中库/ 中库032架B面4列5层53/ [索取号:S633.3/41] 在馆    
4 80053   200023651   中心书库中库/ 中库032架B面4列5层48/ [索取号:S633.3/41] 在馆    
5 80054   200023688   中心书库中库/ 中库032架B面4列5层55/ [索取号:S633.3/41] 在馆    
6 80056   200023660   中心书库中库/ 中库032架B面4列5层50/ [索取号:S633.3/41] 在馆    
山东省滨州职业学院图书馆 欢迎您!
大连网信软件有限公司© 版权所有